00517nam a22001577a 4500003000200000005001700002008004100019020002200060050002600082100003000108245006100138260006200199300002800261500003500289650003500324020230823095406.0230823b xxu||||| |||| 00| 0 eng d a978-971-506-866-6 aPL 6061.5b.J233 2020 aJarin, Ferdinand Pisigan  aTangke: mga gunita ng pagkabatacFerdinand Pisigan Jarin aManilabUniversity of Sto. Tomas Publishing Housecc2020. ax, 67 pages ; c23 cm.  aPhilippine essays (Filipino).  aPhilippine essays (Filipino).